000 00314 a2200157 4500
001 183359
020 _a
040 _cMagnum
100 _aBiological Sciences Curriculum Study
240 1 0 _aBiologia 1
_lpor
245 1 0 _aBiologia 1
300 _a278
362 0 _a1970
697 _aBIOLOGIA
942 _cBK
999 _c183359
_d183359